Missing Word: Movies, Books & Music (F) Quiz Stats

Quiz Updated May 18, 2015

Challenge
Share
Tweet
Embed
Score 0/21 Timer 02:00
1 Play Today
Hint Answer % Correct
BooksFar
92.7%
MusicFinal
91.9%
BooksFlies
91.9%
MoviesFew
91.5%
MoviesFull
89.8%
BooksFarm
86.5%
MoviesFault
79.1%
MusicFly
78.9%
BooksFarewell
76.9%
MoviesFistful
75.3%
BooksFantastic
74.9%
Hint Answer % Correct
BooksFlight
73.9%
MoviesFrench
71.3%
MusicForever
71.2%
MusicFunk
70.6%
MusicFooled
66.5%
MoviesFingered
54.3%
BooksFlowers
50%
MoviesForbidden
39.7%
MusicFighting
38.3%
MusicFairytale
11.9%

Today's Daily Dose

Word Ladder
'90s Movies

Quick Pick
'Fire' Movies

On This Day
June 19th II

You're not logged in!

Compare scores with friends on all Sporcle quizzes.
Join for Free
OR
Log In

You Might Also Like...

Show Comments

Extras

Top Quizzes Today


Score Distribution

Your Account Isn't Verified!

In order to create a playlist on Sporcle, you need to verify the email address you used during registration. Go to your Sporcle Settings to finish the process.

Report this User

Report this user for behavior that violates our Community Guidelines.

Details: